|
|
|
|
| LEADER |
00000cab a2200000 a 4500 |
| 001 |
vtls000773797 |
| 003 |
SK-MaSNL |
| 005 |
20260304175620.0 |
| 008 |
250429c1999 xo ||||||| || 0 |slo |
| 015 |
|
|
|a SNBRB2001/12-35958
|
| 035 |
|
|
|a CLN000125584
|
| 035 |
|
|
|a (urnnbn)urn:nbn:sk:snk:ar-0063l2
|
| 035 |
|
|
|a (uuid)ce789a4c-445d-4f55-817f-810ff564e70d
|
| 035 |
|
|
|a urn:nbn:sk:snk-ab824x
|
| 040 |
|
|
|a SNKBUCL
|b slo
|c SNKBUCL
|e AACR2
|
| 041 |
0 |
|
|a eng
|
| 044 |
|
|
|a xo
|c SK
|
| 080 |
|
|
|a 618.11:616-097-073
|2 1997
|
| 245 |
0 |
0 |
|a Effect of octreotide acetate on thyrotropin-secreting adenoma: report of two cases and review of the literature
|c A. Yoenem ... [et al.]
|
| 300 |
|
|
|b Obr., tab.
|
| 504 |
|
|
|a Res. angl.
|
| 504 |
|
|
|a Bibliogr. odkazy
|
| 650 |
0 |
7 |
|a hypofýza
|2 snkbucl
|9 18319
|
| 650 |
0 |
7 |
|a tyreotropín
|2 snkbucl
|9 58010
|
| 650 |
0 |
7 |
|a oktreotid
|2 snkbucl
|9 1382618
|
| 650 |
0 |
7 |
|a adenómy
|2 snkbucl
|9 29061
|
| 650 |
0 |
7 |
|a štúdie klinické
|2 snkbucl
|9 840835
|
| 650 |
0 |
7 |
|a zobrazenie rádioizotopové
|2 snkbucl
|9 1055346
|
| 650 |
0 |
7 |
|a hormóny
|x sekrécia
|2 snkbucl
|9 1508199
|
| 650 |
0 |
7 |
|a nádory hypofýzy
|2 snkbucl
|9 202878
|
| 700 |
1 |
|
|a Yoenem, A.
|4 aut
|9 1508200
|
| 700 |
1 |
|
|a Cakyr, B.
|4 aut
|9 1508201
|
| 700 |
1 |
|
|a Azal, Oe.
|4 aut
|9 1508202
|
| 700 |
1 |
|
|a Corakcy, A.
|4 aut
|9 1508203
|
| 700 |
1 |
|
|a Kutlu, M.
|4 aut
|9 1508204
|
| 700 |
1 |
|
|a Oezata, M.
|4 aut
|9 1508205
|
| 773 |
0 |
|
|t Endocrine regulations
|g Roč. 33, č. 4 (1999), s. 169-174
|x 0013-7200
|
| 850 |
|
|
|a Slovenská národná knižnica
|
| 852 |
|
|
|a Slovenská národná knižnica
|
| 958 |
|
|
|a article9
|
| 958 |
|
|
|a OND
|
| 958 |
|
|
|a EUIPO
|
| 999 |
|
|
|c 3014414
|d 3016344
|